000 00759cam a22002533a 4500
001 28093
003 PGUSA
005 20140828083616.0
008 090215s2009||||xxu|||||s|||||000 1 eng d
040 _aPGUSA
_beng
042 _adc
050 4 _aPQ
100 1 _aLeblanc, Maurice,
_d1864-1941
245 1 4 _aThe Confessions of Arsène Lupin
_h[electronic resource] /
_cMaurice Leblanc
260 _bProject Gutenberg,
_c2009
506 _aPublic domain in the USA.
516 _aElectronic text
653 _aLupin, Arsène (Fictitious character) -- Fiction
653 _aAdventure and adventurers -- Fiction
653 _aBurglars -- Fiction
830 0 _aProject Gutenberg
_v28093
856 4 0 _uhttp://www.gutenberg.org/ebooks/28093
942 _cEB
999 _c257348
_d257348